| 000 | 00580nam a2200193 a 4500 | ||
|---|---|---|---|
| 003 | DO-SdBNP | ||
| 005 | 20220926094216.0 | ||
| 007 | ta | ||
| 008 | 220921e208 dr ac||gr|||| 00| 0cspa d | ||
| 040 |
_aDO-SdBNP _bspa _cBNPHU |
||
| 082 | 4 |
_222 _bP964i |
|
| 245 | 0 | 0 |
_aPrograma inaugural: _bnuevo Palacio de Bellas Artes. 9 de octubre de 2008. |
| 260 |
_aSanto Domingo : _bSecretarÃa de Estado de Cultura, _c2008 |
||
| 300 |
_a[20] p. : _bil., retr. ; _c27 cm. |
||
| 500 | _aIncluyen datos biográficos. | ||
| 590 | _aInventariado 2022 / MF | ||
| 910 | _aMFeliz | ||
| 942 |
_2ddc _cLF2 |
||
| 999 |
_c52438 _d52438 |
||